000 00450nam a2200145 a 4500
001 000032951
005 20200930065931.0
008 110804s19uu dr 000 0 spa d
040 _aDO-SdBNP
_bspa
_cBNPHU
082 _axxx
_bG373o
245 1 0 _aOleos :
_bcuatro sonetos en homenaje del generalísimo /
_cPedro M. Germán.
260 _aLa Romana, República Dominicana :
_bImprenta El Heraldo,
_c[s.f.].
300 _a[9 p.] ;
_c18 cm.
049 _aBNPD
999 _c32442
_d32442